00639nam a22002057a 450000500170000000800410001701000130005802000230007103500230009403700130011704000170013008200120014710000180015924500870017725000110026426000360027527000780031130000250038950000190041420180705170912.0180622b xxu||||| |||| 00| 0 eng d aB-224861 a0761934154c480.00 aB-224861, B-224858 bBPPD/PUB adplbEnglish a658.406 aHarigopal ,K. aManagement of organizational change :cby K. Harigopalbleveraging transformation/ a2nd ed aNew DelhibResponse booksc2007 aB1/11, Mohan cooperative Industrial Area Mathura roadbNew Delhi e110044 a341p. c23 cm (pbk) aIncludes index